| 000 | 01568nam a2200385 c 4500 | ||
|---|---|---|---|
| 003 | BLK | ||
| 005 | 20241202113623.0 | ||
| 008 | 180413b bul|||||r ||||||| ||bul|| | ||
| 010 | _aKNG00028927000 | ||
| 040 | _aBLK | ||
| 041 |
_aBUL _cBUL |
||
| 072 | 7 |
_2bullib _aЛ05 _xДруги методи |
|
| 072 | 7 |
_2bullib _aЛ0101 _xБилколечение. Природолечение. Народна медицина |
|
| 080 |
_aДруги видове терапия. Биоенерготерапия. _b615.85 _x(035) _z615.85(035) |
||
| 080 |
_aПатология. Клинична медицина _b616 _x _z616 |
||
| 100 | 1 |
_aНъл, Гари _eпърви автор _9104029 |
|
| 700 | 1 |
_aКамбурова, Елисавета _eпрев. _9268705 |
|
| 139 |
_aНъл, Гари _bН 97 |
||
| 245 | 1 | 0 |
_aНаръчник по алтернативна медицина _cГари Нъл; прев. Елисавета Камбурова. |
| 257 | _aUSA | ||
| 260 |
_аСофия _bЕмас _c1999 |
||
| 300 |
_a585 с. _c21 см |
||
| 380 | _a61 | ||
| 500 | _aОриг. загл. The Complete Encyclopedia of Natural Healing / Gary Hull. - Съдържа и за авт. | ||
| 653 | _aмедицина | ||
| 653 | _aалтернативна медицина | ||
| 653 | _aприродолечение | ||
| 659 | _aЛ | ||
| 852 | _aЦб 201985 | ||
| 856 | 4 |
_qpdf _u |
|
| 856 | 4 |
_qpdf _u |
|
| 942 |
_cKNG _n0 _012 |
||
| 944 |
_aCR _c15.01.2003 _lРусанова Ирена _k30542 |
||
| 944 |
_aED _c10.01.2017 _lф / _kЛюдмила_Стоянова |
||
| 999 |
_c26378 _d26378 |
||